000 00348nam a2200133 i 4500
001 bg
100 1 _aTITTENBRUN, K.
245 0 _aPodstawowe źródło leksykograficzne z zakresu informacji naukowej /
_cK. Tittenbrun.
260 _aWarszawa,
_c1979.
040 _cBPK
041 _apol
942 _cKS
008 s pl f |000 0 pol
999 _c22715
_d22715
856 _uhttp://koha.tu.koszalin.pl/cgi-bin/koha/opac-detail.pl?biblionumber=22715
_yKatalog online BPK